Normal view
MARC view
Entry Personal Name
001 - CONTROL NUMBER
- control field: 1451
003 - CONTROL NUMBER IDENTIFIER
- control field: BD-RjUL
005 - DATE AND TIME OF LATEST TRANSACTION
- control field: 20220217121249.0
008 - FIXED-LENGTH DATA ELEMENTS
- fixed length control field: 220217|| aca||aabn | a|a d
040 ## - CATALOGING SOURCE
- Original cataloging agency: BD-RjUL
- Transcribing agency: BD-RjUL
100 ## - HEADING--PERSONAL NAME
- Personal name: Khan, Wahiduzzaman
670 ## - SOURCE DATA FOUND
- Source citation: Work cat.: (BD-RjUL)79414: Khan, Wahiduzzaman, Socio Economic Impact of Leather Industry in Bangladesh :, 2016